000 00709cab a2200217 4500
001 WB3446-29
008 090401t1998 xxu||||| |||| 00| 0 eng d
035 _a(Sirsi) u90122
041 _aeng
245 _aACB/BCB merger proposed
260 _c1998
350 _a0
490 _aContract Journal
_v396(6204) 2 December 1998, 32(1)
520 _aThe Association of Consulting Engineers and the British Consultants Bureau are consulting their members regarding a proposed merger.
650 _aASSOCIATION OF CONSULTING ENGINEERS
650 _aBRITISH CONSULTANTS BUREAU
650 _aMERGERS
690 _aMANAGEMENT-BUSINESS MANAGEMENT-PROFESSIONAL PRACTICE
942 _n0
948 _c03/12/1998
999 _c57084
_d57084